| 000 | 01034cam a2200325 i 4500 | ||
|---|---|---|---|
| 999 |
_c200451586 _d69798 |
||
| 001 | 200451586 | ||
| 003 | TR-AnTOB | ||
| 005 | 20230725161936.0 | ||
| 007 | ta | ||
| 008 | 151112s2013 tu a 001 0 tur d | ||
| 020 | _a9789944105484 | ||
| 040 |
_aBGZ _beng _erda _cBGZ _dOCLCO _dOCLCF _dSULEY _dTR-AnTOB |
||
| 041 | 0 | _atur | |
| 050 | 1 | 4 |
_aQ175.35 _b.B555 2013 |
| 090 |
_aQ175.35 _b.B555 2013 |
||
| 245 | 0 | 0 |
_aBilim ve ahlak / _ced: Celalettin Vatandaş... [and thirteen others]. |
| 250 | _aBirinci Baskı : Ekim 2013 | ||
| 264 | 1 |
_aİstanbul : _bAçılım Kitap, _c2013. |
|
| 300 |
_a397 pages : _billustrations, tables ; _c21 cm |
||
| 336 |
_atext _btxt _2rdacontent |
||
| 337 |
_aunmediated _bn _2rdamedia |
||
| 338 |
_avolume _bnc _2rdacarrier |
||
| 490 | 0 |
_aAçılımkitap ; _v55 _aSosyoloji ; _v25 |
|
| 504 | _aBIBINDX | ||
| 650 | 7 |
_aBilim _927209 _2etuturkob |
|
| 650 | 7 |
_aAhlak _2etuturkob _9139540 |
|
| 700 | 1 |
_aVatandaş, Celalettin _d1962- _eeditor _9135044 |
|
| 942 |
_2lcc _cBK |
||